ការរៀបចំ និង គ្រប់គ្រងសហគមន៍ព្រៃឈើនៅភូមិ ត្បែងខាងលិច ឃុំត្បែងស្រុក បន្ទាយស្រី ខេត្ត សៀមរាប (Record no. 3493)
[ view plain ]
| 000 -LEADER | |
|---|---|
| fixed length control field | 00617nam a22001577a 4500 |
| 003 - CONTROL NUMBER IDENTIFIER | |
| control field | OSt |
| 005 - DATE AND TIME OF LATEST TRANSACTION | |
| control field | 20151117083746.0 |
| 008 - FIXED-LENGTH DATA ELEMENTS--GENERAL INFORMATION | |
| fixed length control field | 151117b xxu||||| |||| 00| 0 eng d |
| 040 ## - CATALOGING SOURCE | |
| Transcribing agency | RUA |
| 082 ## - DEWEY DECIMAL CLASSIFICATION NUMBER | |
| Classification number | FOR LIM 2004 B143 Or.1 |
| 100 ## - MAIN ENTRY--PERSONAL NAME | |
| 9 (RLIN) | 3754 |
| Personal name | LIM, SOTHY. |
| 245 ## - TITLE STATEMENT | |
| Title | ការរៀបចំ និង គ្រប់គ្រងសហគមន៍ព្រៃឈើនៅភូមិ ត្បែងខាងលិច ឃុំត្បែងស្រុក បន្ទាយស្រី ខេត្ត សៀមរាប |
| 260 ## - PUBLICATION, DISTRIBUTION, ETC. (IMPRINT) | |
| Place of publication, distribution, etc. | Phnom Penh |
| Name of publisher, distributor, etc. | RUA |
| Date of publication, distribution, etc. | 2004 |
| 300 ## - PHYSICAL DESCRIPTION | |
| Extent | v. 34p. |
| Other physical details | ill. |
| Dimensions | 29cm. |
| 942 ## - ADDED ENTRY ELEMENTS (KOHA) | |
| Source of classification or shelving scheme | |
| Koha item type | FOR |
| Price effective from | Date last seen | Permanent Location | Not for loan | Date acquired | Source of classification or shelving scheme | Koha item type | Lost status | Withdrawn status | Date last checked out | Total Checkouts | Shelving location | Damaged status | Barcode | Current Location | Full call number |
|---|---|---|---|---|---|---|---|---|---|---|---|---|---|---|---|
| 2015-11-17 | 2015-11-17 | Library Block B | 2015-11-17 | FOR | B143 | RUA026382 | Library Block B | FOR LIM 2004 B143 Or.1 | |||||||
| 2015-11-17 | 2015-11-17 | Library Block B | 2015-11-17 | FOR | B143 | RUA027511 | Library Block B | FOR LIM 2004 B143 Or.2 | |||||||
| 2015-11-17 | 2015-11-17 | Library Block B | 2015-11-17 | FOR | B143 | RUA027680 | Library Block B | FOR LIM 2004 B143 Or.3 | |||||||
| 2015-11-17 | 2024-09-16 | Library Block B | 2015-11-17 | FOR | 2024-07-16 | 2 | B143 | RUA027608 | Library Block B | FOR LIM 2004 B143 Or.4 | |||||
| 2015-11-17 | 2015-11-17 | Library Block B | 2015-11-17 | FOR | B143 | RUA027998 | Library Block B | FOR LIM 2004 B143 Or.5 | |||||||
| 2015-11-17 | 2016-08-16 | Library Block B | 2015-11-17 | FOR | 2016-08-02 | 2 | B143 | RUA027854 | Library Block B | FOR LIM 2004 B143 Or.6 | |||||
| 2015-11-17 | 2015-11-17 | Library Block B | 2015-11-17 | FOR | B143 | RUA027620 | Library Block B | FOR LIM 2004 B143 Or.7 | |||||||
| 2015-11-17 | 2015-11-17 | Library Block B | 2015-11-17 | FOR | B143 | RUA027782 | Library Block B | FOR LIM 2004 B143 Or.8 | |||||||
| 2016-01-26 | 2016-01-26 | Library Block B | 2016-01-26 | FOR | RUA043360 | Library Block B | FOR LIM 2004 B143 Or.9 | ||||||||
| 2016-01-26 | 2016-01-26 | Library Block B | 2016-01-26 | FOR | RUA41013 | Library Block B | FOR LIM 2004 B143 Or.10 |